Talking Italian (Record no. 81821)
[ view plain ]
| 000 -LEADER | |
|---|---|
| fixed length control field | 00724cab a22001935a 4500 |
| 001 - CONTROL NUMBER | |
| control field | L148398 |
| 008 - FIXED-LENGTH DATA ELEMENTS--GENERAL INFORMATION | |
| fixed length control field | 090914s2009 xxko f 000 0 eng d |
| 035 ## - SYSTEM CONTROL NUMBER | |
| System control number | (Sirsi) u148398 |
| 041 0# - LANGUAGE CODE | |
| Language code of text/sound track or separate title | eng |
| 100 1# - MAIN ENTRY--PERSONAL NAME | |
| Personal name | Tamburini, Michele |
| 245 00 - TITLE STATEMENT | |
| Title | Talking Italian |
| 260 ## - PUBLICATION, DISTRIBUTION, ETC. | |
| Date of publication, distribution, etc. | 2009 |
| 490 ## - SERIES STATEMENT | |
| Series statement | Solicitors Journal |
| Volume/sequential designation | 153 (21) June 2009, 27-28 (2) |
| 520 ## - SUMMARY, ETC. | |
| Summary, etc. | Examines the Italian real estate market and explains the process of buying a property in Italy. Presents the office market, the retail market, the industrial property market and the residential market, as well as tourist zones. Discusses prospects for 2010. |
| 590 ## - LOCAL NOTE (RLIN) | |
| Local note | KA |
| 651 #4 - SUBJECT ADDED ENTRY--GEOGRAPHIC NAME | |
| Geographic name | Italia = Italy |
| Chronological subdivision | 1992- |
| 690 ## - LOCAL SUBJECT ADDED ENTRY--TOPICAL TERM (OCLC, RLIN) | |
| Topical term or geographic name as entry element | PROPERTY-PROPERTY MARKET |
| 942 ## - ADDED ENTRY ELEMENTS (KOHA) | |
| Suppress in OPAC | 0 |
| Withdrawn status | Lost status | Source of classification or shelving scheme | Damaged status | Not for loan | Home library | Current library | Shelving location | Date acquired | Total Checkouts | Full call number | Barcode | Date last seen | Copy number | Price effective from | Koha item type |
|---|---|---|---|---|---|---|---|---|---|---|---|---|---|---|---|
| Dewey Decimal Classification | London | London | Journal article | 14/09/2009 | L148398 | 148398-1001 | 06/08/2019 | 1 | 06/08/2019 | Journal article |